000 01245ngm a2200313 4500
999 _c19780
_d19780
003 dpl
005 20181219100130.0
007 DVD
008 ||||||sp199 xxu|||||c ||| 00| 0 ng d
010 _aDVD-001404-1460 & DVD-004861-4974
024 _aDHIT003S-0048S
_c2999.00 for set of 19 Vols.
035 _aDVD-001404-1460
035 _aDVD-004861-4974
040 _aDPL
_cDPL
082 _aDVD / MAHA
245 _aMahabharat
_cB. R. Chopra Presents
_h[videorecording] DVD/
260 _bMoserbaer Entertainment
300 _a19 videodisc DVD;
_bsd., col. ;
_c4 3/4 in.
_fDVD
440 _aMoserbaer Home Entertainment
500 _aThis is a set of 19 Vols.
538 _aDolby Digital 5.1 - Hindi Subtitles: English
538 _aThis DVD can be played back on DVD Players, multimedia systems & PC with MPEG card interactive with version 2.0 players.
650 _aT V Serial
700 _aChopra, B. R.
700 _aChopra, Ravi
942 _cCF
_2ddc
_hDVD
_mMAHA